[Event "CAN-ch op"]
[White "Arsenault, Normand"]
[Black "Deimert, David"]
[Site "Sackville"]
[Round "6"]
[Result "0-1"]
[Date "2001.07.11"]
[WhiteElo "1545"]
[BlackElo "1250"]
[PlyCount "76"]
[EventDate "2001.07.??"]
[EventType "swiss"]
[EventRounds "10"]
[EventCountry "CAN"]
[SourceTitle "EXT 2006"]
[Source "ChessBase"]
[SourceDate "2005.11.24"]
[SourceVersion "1"]
[SourceVersionDate "2005.11.24"]
[SourceQuality "1"]

1. c4 e5 2. g3 Nf6 3. Bg2 Nc6 4. e3 Bb4 5. a3 Be7 6. Ne2 d5 7. cxd5 Nxd5 8. 0-0 Be6 9. Nbc3 Qd7 10. e4 Nxc3 11. bxc3 Bh3 12. Bb2 Bxg2 13. Kxg2 h5 14. d4 exd4 15. cxd4 h4 16. d5 Nd8 17. Bxg7 h3+ 18. Kh1 Qg4 19. Nf4 Qxg7 20. Qc2 Bd6 21. Qd2 Qg4 22. f3 Qd7 23. Rfe1 b6 24. e5 Bc5 25. Re4 Ne6 26. Qa2 0-0-0 27. Rd1 Nxf4 28. Rxf4 Rhe8 29. Re4 Qf5 30. Qe2 Kb7 31. g4 Qg6 32. a4 Re7 33. f4 Red7 34. f5 Qg7 35. Qc4 a5 36. f6 Qh7 37. g5 Qf5 38. e6 Qf3# 0-1